000 00725nam a22002537a 4500
001 000598
003 DO-SdBNP
005 20230125094935.0
007 000598
008 161026b 2004 sp a||| 00| 0 spa d
020 _a9875501298
040 _aBPMSU
_bspa
_cBPMSU
082 4 _a861.3
_bQ5s 2004
_222
100 1 _aFrancisco Quevedo
245 1 0 _aSonetos amor y otros poemas /
_cQuevedo ; seleccion y prólogo Beatriz Stilman.
260 _aBuenos Aires :
_bLongseller,
_c2004.
300 _a267 p. ;
_c18 cm.
490 0 _aClásico de siempre
590 _6Inventariado, 2022/VM
650 4 _aPoesía española
700 1 _aStilman, Beatriz,
_epról.
910 _aLOPEREZ/ VMateo V./Validado
942 _2ddc
_cBK
999 _c11683
_d11683